000 00543nam a2200217Ia 4500
003 OSt
005 20220928151351.0
006 a|||||r|||| 00| 0
007 ta
008 220927b |||||||| |||| 00| 0 eng d
024 _a123638
037 _cTextual
040 _aSDCL
_cSDCL
_beng
041 _2eng
_aeng
082 _aD65,4255, L5
100 _aNagaraja N S
_9517171
245 0 _aElements of electronic navigation.
260 _c1975
942 _hD65,4255, L5
_cTEXL
_2CC
999 _c851302
_d851302